Tutti i comuni della provincia di Milano - Statistics

Statistiche generali
  • Questo quiz è stato fatto 168 volte
  • Il punteggio medio è 36 su 134
Statistiche sulle risposte
Posizione Città Abitanti % Corretto
1 Milano 1.351.562
95%
5 Rho 50.767
88%
2 Sesto San Giovanni 81.822
82%
3 Cinisello Balsamo 75.659
75%
8 Rozzano 42.417
65%
15 Abbiategrasso 32.565
62%
12 Segrate 35.234
58%
6 Cologno Monzese 47.751
55%
58 Pero 11.198
54%
16 San Donato Milanese 32.416
54%
67 Assago 9.008
52%
14 Cernusco sul Naviglio 33.867
52%
28 Gorgonzola 20.412
52%
4 Legnano 60.259
52%
22 Magenta 23.845
52%
86 San Giorgio su Legnano 6.794
52%
37 Melegnano 17.940
50%
9 San Giuliano Milanese 38.318
50%
32 Arese 19.248
49%
13 Corsico 34.891
49%
70 Gessate 8.897
47%
7 Paderno Dugnano 46.590
46%
21 Lainate 25.754
45%
10 Pioltello 37.045
45%
30 Settimo Milanese 20.063
44%
48 Opera 13.783
43%
11 Bollate 36.469
41%
20 Bresso 26.285
41%
35 Melzo 18.518
40%
26 Trezzano sul Naviglio 20.944
39%
40 Vimodrone 17.004
39%
18 Buccinasco 27.245
38%
29 Cormano 20.074
36%
55 Arluno 11.909
35%
23 Cesano Boscone 23.755
34%
34 Cusano Milanino 18.768
34%
24 Peschiera Borromeo 23.515
34%
42 Carugate 15.267
32%
47 Busto Garolfo 13.850
31%
31 Novate Milanese 20.052
31%
17 Parabiago 27.747
31%
56 Paullo 11.461
31%
19 Garbagnate Milanese 27.226
30%
64 Gaggiano 9.131
29%
49 Cassina de' Pecchi 13.765
28%
98 Trezzano Rosa 5.166
28%
104 Albairate 4.708
27%
36 Corbetta 18.366
27%
60 Locate di Triulzi 10.216
27%
41 Pieve Emanuele 16.118
27%
52 Trezzo sull'Adda 12.102
27%
83 Binasco 7.251
26%
66 Vittuone 9.063
26%
88 Arconate 6.700
25%
50 Canegrate 12.523
25%
33 Cassano d'Adda 18.911
25%
27 Cornaredo 20.499
25%
43 Cerro Maggiore 15.224
24%
75 Pogliano Milanese 8.379
23%
54 Baranzate 11.935
22%
71 Inveruno 8.608
22%
133 Morimondo 1.138
22%
81 Pregnana Milanese 7.306
22%
78 Basiglio 7.846
21%
116 Cusago 3.917
21%
63 Vanzago 9.175
21%
115 Vermezzo 3.931
21%
57 Castano Primo 11.249
20%
51 Mediglia 12.198
20%
39 Nerviano 17.270
20%
87 Robecco sul Naviglio 6.766
20%
74 San Vittore Olona 8.425
20%
38 Bareggio 17.364
19%
44 Cesate 14.278
19%
72 Bussero 8.506
18%
89 Dairago 6.355
18%
59 Inzago 10.947
18%
112 Liscate 4.085
18%
62 Magnago 9.248
18%
90 Marcallo con Casone 6.254
18%
46 Rescaldina 14.132
18%
108 Ossona 4.288
17%
65 Pessano con Bornago 9.073
17%
73 Pozzuolo Martesana 8.471
17%
25 Senago 21.527
17%
97 Vanzaghello 5.366
17%
122 Bernate Ticino 3.076
16%
96 Casorezzo 5.467
16%
76 Cuggiono 8.266
16%
53 Sedriano 12.099
16%
82 Turbigo 7.287
16%
85 Zibido San Giacomo 6.856
16%
111 Boffalora Sopra Ticino 4.113
15%
69 Lacchiarella 8.964
15%
109 Mesero 4.159
15%
77 Motta Visconti 7.877
15%
134 Nosate 682
15%
92 Pantigliate 6.113
15%
95 Rosate 5.762
15%
100 Santo Stefano Ticino 4.954
15%
79 Settala 7.399
15%
45 Solaro 14.223
15%
94 Truccazzano 5.934
15%
68 Vaprio d'Adda 8.972
15%
61 Vignate 9.309
15%
91 Villa Cortese 6.214
15%
101 Robecchetto con Induno 4.885
14%
107 San Zenone al Lambro 4.505
14%
84 Cambiago 6.906
12%
110 Carpiano 4.123
12%
99 Cerro al Lambro 5.119
12%
124 Dresano 3.036
12%
106 Noviglio 4.584
12%
131 Ozzero 1.489
12%
119 Tribiano 3.545
12%
114 Vizzolo Predabissi 3.948
12%
130 Gudo Visconti 1.658
11%
93 Pozzo d'Adda 6.068
11%
80 San Colombano al Lambro 7.336
11%
117 Bellinzago Lombardo 3.878
10%
127 Besate 2.064
10%
103 Buscate 4.760
9%
102 Cisliano 4.867
9%
126 Colturano 2.079
9%
128 Cassinetta di Lugagnano 1.911
8%
123 Grezzago 3.040
8%
120 Masate 3.477
8%
105 Rodano 4.651
8%
129 Zelo Surrigone 1.842
8%
118 Basiano 3.674
7%
121 Vernate 3.365
7%
125 Bubbiano 2.401
6%
113 Casarile 4.081
6%
132 Calvignasco 1.209
5%
Nessun quiz corrispondente trovato
Distribuzione punteggi
Percentuale di utenti per punteggio
Percentile per numero di risposta
I tuoi punteggi nel tempo
Non hai fatto questo quiz